Religious Mysticism (Record no. 14380)

MARC details
000 -LEADER
fixed length control field 00623nam a2200241 a 4500
020 ## - INTERNATIONAL STANDARD BOOK NUMBER
ISBN 8183248
082 00 - DEWEY DECIMAL CLASSIFICATION NUMBER
Classification number 291.422
Author Cutter ADH
100 ## - MAIN ENTRY--AUTHOR NAME
Author name Adhakha, S K
245 ## - TITLE STATEMENT
Title Religious Mysticism
Sub title Hinduism and Islam
260 ## - PUBLICATION, DISTRIBUTION, ETC. (IMPRINT)
Place of publication Delhi
Name of publisher Mittal Publication
Year of publication 2005
300 ## - PHYSICAL DESCRIPTION
Number of Pages 321p
500 ## - GENERAL NOTE
General note includes index and biblioraphy
505 2# - FORMATTED CONTENTS NOTE
Formatted contents note Bibliography, Index
650 ## - SUBJECT ADDED ENTRY--TOPICAL TERM
Topical Term Mysticism-Comparative Study
942 ## - ADDED ENTRY ELEMENTS (KOHA)
Koha item type Books
700 1# -
-- Adhakha, S K
Holdings
Collection code Home library Current library Date acquired Cost, normal purchase price Full call number Accession Number Koha item type
  Henry Martyn Institute Library Henry Martyn Institute Library 04/03/2008 695.00 291.422 ADH 021351 Books
                   Copyright © 2026 | Henry Martyn Institute | Hyderabad | TS-500052 | INDIA | Implemented by hmi.edu.in
Hit-Count:

Powered by Koha